Groups of Countries (by Cedo) #5 - Statistics

General Stats
  • This quiz has been taken 394 times
  • The average score is 19 of 29
Answer Stats
Hint Answer % Correct
UK (United Kingdom) England
95%
UK (United Kingdom) Scotland
95%
UK (United Kingdom) Wales
95%
UK (United Kingdom) Northern Ireland
94%
Andean Community Peru
79%
Thirteen Colonies New York
77%
Andean Community Colombia
76%
Andean Community Ecuador
76%
Andean Community Bolivia
75%
Thirteen Colonies Virginia
73%
Thirteen Colonies North Carolina
71%
Thirteen Colonies New Jersey
70%
Thirteen Colonies Georgia
69%
GUAM (Organization for Democracy and Economic Development) Georgia
69%
Thirteen Colonies Pennsylvania
69%
Thirteen Colonies South Carolina
69%
Thirteen Colonies Connecticut
68%
Thirteen Colonies Delaware
68%
Thirteen Colonies New Hampshire
66%
Thirteen Colonies Maryland
64%
BBIN India
62%
BBIN Bangladesh
58%
BBIN Nepal
55%
BBIN Bhutan
54%
GUAM (Organization for Democracy and Economic Development) Azerbaijan
48%
GUAM (Organization for Democracy and Economic Development) Ukraine
39%
GUAM (Organization for Democracy and Economic Development) Moldova
35%
Thirteen Colonies Massachusetts Bay
5%
Thirteen Colonies Rhode Island and Providence Plantations
4%
No matching quizzes found
Score Distribution
Percent of People with Each Score
Percentile by Number Answered
Your Score History
You have not taken this quiz